Systematic Redesign of Cellular Manufacturing Systems

Bibliographic Details
Main Authors: Ashok, C. (Author), Punitharani, K. (Author), Aswath, M. (Author)
Format: Article
Language:English

MARC

LEADER 00000nab a2200000ua 4500
001 vtls010835771
003 SK-MaSNL
005 20260303144317.0
008 230222s2010 xo |||||||||||||||||eng|
035 |a (urnnbn)urn:nbn:sk:snk:ar-a06rhy 
035 |a urn:nbn:sk:snk-ab5znh 
035 |a (uuid)dbe46008-5799-4b8a-a6e5-3ea548a0875c 
040 |a SNKBUCL  |b slo  |c SNKBUCL  |e AACR2 
041 0 |a eng 
044 |a xo  |c SK 
100 1 |a Ashok, C.  |4 aut  |9 1165730 
245 1 0 |a Systematic Redesign of Cellular Manufacturing Systems  |c C. Ashok, K. Punitharani, M. Aswath 
700 1 |a Punitharani, K.  |4 aut  |9 1165731 
700 1 |a Aswath, M.  |4 aut  |9 1165732 
773 0 |t Výrobné inžinierstvo  |g Roč. 9, č. 4 (2010), s. 41-44 
958 |a OND 
958 |a EUIPO 
958 |a article5 
999 |c 1996351  |d 1998281